000 00782nam a22002177a 4500
999 _c20177
_d20177
003 AR-CdUCM
008 190527b ||||| |||| 00| 0 spa d
040 _aMUNICIPALIDAD PROVINCIAL DEL CUSCO
_cBIBLIOTECA MUNICIPAL DEL CUSCO
082 _a378.0098 /
_bR24
_22ed
100 _aRandle, Patricio H.
_942181
245 _a¿Hacia una nueva universidad? /
260 _aBuenos Aires :
_bBuenos Aires :
_c1973.
300 _a115 páginas ;
_c23 cm.
440 _aBiblioteca del universitario
_942182
505 _aContenido: Mas allá de una universidad renovada -- El problema en su raíz -- Las condiciones del cambio...
650 _aUniversidades
_92151
650 _aEscuelas superiores
_942183
650 _aArgentina
_9511
942 _2ddc
_cLIBROS
945 _adavv
_d2019-05-27